000 00627nam a2200205 i 4500
001 95771
003 ES-MaACL
007 t|
008 050606s1987 sp ||||1| spa d
020 _a84-309-1426-9
100 1 _aMac Carthy, Thomas.
_975008
245 1 3 _aLa teoría crítica de Jürgen Habermas /
_cThomas McCarthy; [traducción Manuel Jiménez Redondo].
260 _aMadrid :
_bTecnos,
_c1987.
300 _a479 p. ;
_c22 cm.
490 1 _aFilosofía y ensayo
700 1 _aJiménez Redondo, Manuel.
_966597
830 0 _aFilosofía y ensayo
_9179242
852 _aES-MaACL
_jL-9668
_bR.115495
999 _c95771
_d95771